मनोनुकृति : (Record no. 203250)

MARC details
000 -LEADER
fixed length control field 00863nam a22002057a 4500
005 - DATE AND TIME OF LATEST TRANSACTION
control field 20240618155007.0
010 ## - LCCN (DPL NO)
LC control number HIN-127713
020 ## - INTERNATIONAL STANDARD BOOK NUMBER
Terms of availability 595.00
International Standard Book Number 9788188935185
035 ## - SYSTEM CONTROL NUMBER
System control number HN-100059
037 ## - SOURCE OF ACQUISITION
Source of stock number/acquisition DBAD
082 ## - DEWEY DECIMAL CLASSIFICATION NUMBER
Classification number 821.08
245 ## - TITLE STATEMENT
Title मनोनुकृति :
Remainder of title रचना और आलोचना/
Statement of responsibility, etc प्रकाश त्रिपाठी द्वारा संपादन
250 ## - EDITION STATEMENT
Edition statement प्रथम
260 ## - PUBLICATION, DISTRIBUTION, ETC. (IMPRINT)
Place of publication, distribution, etc इलाहाबाद
Name of publisher, distributor, etc वचन पब्लिकेशंस
Date of publication, distribution, etc 2017
270 ## - ADDRESS
Address 52,तुलारामबाग,
City इलाहाबाद
Postal code 211006
Telephone number 9415347186, 9415763049
300 ## - PHYSICAL DESCRIPTION
Extent विविध पृ.
Dimensions 22सेमी (सजिल्द)
700 ## - ADDED ENTRY--PERSONAL NAME
9 (RLIN) 61637
Personal name त्रिपाठी, प्रकाश
700 ## - ADDED ENTRY--PERSONAL NAME
Personal name
9 (RLIN) 61638
942 ## - ADDED ENTRY ELEMENTS (KOHA)
Source of classification or shelving scheme Dewey Decimal Classification
Item type Hindi Books
Classification part 821.08
Call number suffix मनोनु
Holdings
Withdrawn status Lost status Not for loan Collection code Home library Current library Date acquired Source of acquisition Cost, normal purchase price Full call number Barcode Copy number Cost, replacement price Koha item type
      Non-fiction Central Library Central Library 24/05/2024 DBAD 595.00 821.08 मनोनु HN-100059 1 595.00 Hindi Books

© Delhi Public Library
Hit Counter
free hit counter